000 01050cam5a220024100 4500
001 lce00561063
008 850617s1962 ilua b 100 0 eng
010 _a 62010159 //r852
035 _a(Sirsi) r65292
035 _a(DLC) 62010159 //r852
035 _a(UPRA)lce00561063
040 _aDLC/ICU
_cICU
_dUPRA
050 0 _aQM565
_b.D45
082 0 _a612.397
111 2 _aDeuel Conference on Lipids (1961 : Carmel, Calif.)
_dDeuel Conference on Lipids (1961 : Carmel, Calif.)
_cDeuel Conference on Lipids (1961 : Carmel, Calif.)
_6A25321.1
245 1 0 _aAdipose tissue as an organ :
_bproceedings /
_ccompiled and edited by Laurance W. Kinsell.
260 _aSpringfield, IL :
_bThomas,
_c[1962]
504 _aIncludes bibliographical references.
650 0 _aAdipose tissues.
_6S18348.1
700 1 _aKinsell, Laurance W. (Laurance Wilkie), 1907-1968.
_qKinsell, Laurance W. (Laurance Wilkie), 1907-1968.
_dKinsell, Laurance W. (Laurance Wilkie), 1907-1968.
_6A25322.1
949 _aQM565
_wlcc
_i-87233
_mMAIN
_tBOOK
_lON-SHELF
004 65292
999 _c181778
_d181778